000 00354nam a2200133Ia 4500
005 20260328104245.0
008 260328s9999||||xx |||||||||||||| ||und||
100 _aBaez y Pérez de Tudela, Juan
245 0 _aInvestigacion Cualitativa /
_cJuan Baez y Pérez de Tudela
260 _bAlfaomega
300 _a401 p.
650 _aARQUITECTURA
942 _cBK
999 _c10024
_d10024